Champions de la Coupe MLS - Statistiques

Statistiques générales
  • Ce quiz a été pris 26 fois
    12 depuis la dernière actualisation
  • Le résultat moyen est 16 sur 29
Statistiques - réponses
Année Champion % Correct
2002 Galaxy de Los Angeles
100%
2005 Galaxy de Los Angeles
100%
2012 Galaxy de Los Angeles
100%
2014 Galaxy de Los Angeles
100%
2024 Galaxy de Los Angeles
100%
2011 Galaxy de Los Angeles
88%
2022 Los Angeles FC
88%
2018 Atlanta United
63%
1996 D.C. United
63%
1997 D.C. United
63%
1999 D.C. United
63%
2004 D.C. United
63%
1998 Fire de Chicago
63%
2017 Toronto FC
63%
2006 Dynamo de Houston
50%
2007 Dynamo de Houston
50%
2021 New York City FC
38%
2016 Sounders de Seattle
38%
2019 Sounders de Seattle
38%
2015 Timbers de Portland
38%
2008 Crew de Columbus
25%
2020 Crew de Columbus
25%
2023 Crew de Columbus
25%
2010 Rapids du Colorado
25%
2009 Real Salt Lake
25%
2013 Sporting Kansas City
25%
2000 Wizards de Kansas City
25%
2001 Earthquakes de San José
13%
2003 Earthquakes de San José
13%
Aucun quiz correspondant
Distribution des résultats
% des personnes avec chaque résultat
Percentile par nombre de réponses
Votre historique - résultats
Vous n’avez pas pris ce quiz depuis la dernière actualisation